[Event "Mauricie op"]
[Site "Trois-Rivieres CAN"]
[Date "2010.03.21"]
[Round "4"]
[White "Roussel-Roozmon, Thomas"]
[Black "Libersan, Thierry"]
[Result "1-0"]
[WhiteElo "2485"]
[BlackElo "2122"]
[PlyCount "69"]
[EventDate "2010.03.19"]
[EventType "swiss"]
[EventRounds "5"]
[EventCountry "CAN"]

1. d4 Nf6 2. c4 g6 3. Nc3 Bg7 4. e4 d6 5. f3 O-O 6. Be3 Nc6 7. Nge2 a6 8. Qd2
Rb8 9. Rc1 Bd7 10. Nd1 Ne8 11. Nf2 e5 12. d5 Ne7 13. c5 f5 14. g3 fxe4 15. fxe4
Nf6 16. h3 Rf7 17. g4 Nc8 18. b4 c6 19. Nc3 a5 20. a3 axb4 21. axb4 cxd5 22.
exd5 Ra8 23. Bg2 Na7 24. O-O Nb5 25. c6 Nxc3 26. Rxc3 Bc8 27. Rcc1 Ne8 28. b5
Nc7 29. b6 Nb5 30. Ra1 Rxa1 31. Rxa1 Rf8 32. Ra8 Qe7 33. Ne4 Bf6 34. Nxf6+ Qxf6
35. Bh6 1-0

[Event "Mauricie op"]
[Site "Trois-Rivieres CAN"]
[Date "2010.03.21"]
[Round "5"]
[White "Roussel-Roozmon, Thomas"]
[Black "Kovalyov, Anton"]
[Result "0-1"]
[WhiteElo "2485"]
[BlackElo "2585"]
[PlyCount "142"]
[EventDate "2010.03.19"]
[EventType "swiss"]
[EventRounds "5"]
[EventCountry "CAN"]

1. d4 Nf6 2. c4 e6 3. Nc3 Bb4 4. Qc2 c5 5. dxc5 O-O 6. a3 Bxc5 7. Nf3 Qb6 8. e3
Qc7 9. b3 b6 10. Bb2 Bb7 11. Be2 Be7 12. O-O a6 13. Ng5 Rc8 14. Rac1 d6 15.
Nce4 Nxe4 16. Nxe4 Nd7 17. Qb1 Nc5 18. Nd2 Qc6 19. Bf3 Qd7 20. b4 Na4 21. Bxb7
Qxb7 22. Rc2 Rc7 23. Rfc1 Rac8 24. Ba1 b5 25. Qb3 Rc6 26. cxb5 axb5 27. Qd3 Nb6
28. Rxc6 Rxc6 29. Rxc6 Qxc6 30. Qc3 Qxc3 31. Bxc3 d5 32. Kf1 f6 33. e4 dxe4 34.
Bd4 Na4 35. Nxe4 e5 36. Bc5 Kf7 37. g4 g6 38. Bxe7 Kxe7 39. Ke2 f5 40. gxf5
gxf5 41. Ng3 Ke6 42. Kd3 Nb2+ 43. Kc2 Nc4 44. Kb3 Nd2+ 45. Kc3 Nf3 46. a4 bxa4
47. b5 Nd4 48. b6 Kd6 49. Kb4 Kc6 50. Kxa4 Kxb6 51. Kb4 Kc6 52. Kc4 f4 53. Ne4
Nf5 54. Kd3 h6 55. Nc3 Nd6 56. f3 Kd7 57. Nd5 Ke6 58. Nc7+ Kf5 59. Nd5 Kg5 60.
Ne7 h5 61. Nc6 Kf6 62. Nb4 Kf5 63. Nc6 Nf7 64. Ne7+ Kg5 65. Nd5 Kh4 66. Nf6 Ng5
67. Ke2 Kh3 68. Kf2 h4 69. Nd7 Kxh2 70. Nxe5 Nh3+ 71. Kf1 Kg3 0-1

[Event "Quebec op"]
[Site "Montreal CAN"]
[Date "2009.07.18"]
[Round "1"]
[White "Jiang, Louie"]
[Black "Roussel-Roozmon, Thomas"]
[Result "1/2-1/2"]
[WhiteElo "2250"]
[BlackElo "2487"]
[PlyCount "72"]
[EventDate "2009.07.18"]
[EventType "swiss"]
[EventRounds "9"]
[EventCountry "CAN"]

1. e4 e5 2. Nf3 Nc6 3. Bb5 a6 4. Ba4 Nf6 5. O-O Nxe4 6. d4 b5 7. Bb3 d5 8. dxe5
Be6 9. c3 Bc5 10. Nbd2 O-O 11. Bc2 Nxf2 12. Rxf2 f6 13. exf6 Bxf2+ 14. Kxf2
Qxf6 15. Nf1 Ne5 16. Be3 Rae8 17. Bd4 Qh4+ 18. Kg1 Nxf3+ 19. gxf3 Qh5 20. Ng3
Qxf3 21. Qxf3 Rxf3 22. Re1 g6 23. Kg2 Bh3+ 24. Kxf3 Rxe1 25. a4 Rc1 26. Bb3 Be6
27. axb5 axb5 28. Ne2 Rb1 29. Nf4 Rxb2 30. Nxe6 Rxb3 31. Nxc7 b4 32. Nxd5 bxc3
33. Nxc3 Kf7 34. Kf4 Rb2 35. h3 Rh2 36. Ne4 Ra2 1/2-1/2

[Event "Quebec op"]
[Site "Montreal CAN"]
[Date "2009.07.19"]
[Round "2"]
[White "Roussel-Roozmon, Thomas"]
[Black "Castellanos, Renier"]
[Result "1/2-1/2"]
[WhiteElo "2487"]
[BlackElo "2453"]
[PlyCount "27"]
[EventDate "2009.07.18"]
[EventType "swiss"]
[EventRounds "9"]
[EventCountry "CAN"]

1. d4 Nf6 2. c4 g6 3. Nc3 Bg7 4. e4 d6 5. Nf3 O-O 6. Be2 e5 7. O-O Nc6 8. d5
Ne7 9. b4 Ne8 10. c5 f5 11. Ng5 Nf6 12. exf5 Nxf5 13. Bb2 Nd4 14. Bc4 1/2-1/2

[Event "Quebec op"]
[Site "Montreal CAN"]
[Date "2009.07.19"]
[Round "3"]
[White "Leveille, Francois"]
[Black "Roussel-Roozmon, Thomas"]
[Result "1/2-1/2"]
[WhiteElo "2261"]
[BlackElo "2487"]
[PlyCount "185"]
[EventDate "2009.07.18"]
[EventType "swiss"]
[EventRounds "9"]
[EventCountry "CAN"]

1. e4 e5 2. Nc3 Nf6 3. Nf3 Nc6 4. Bb5 Bd6 5. d3 h6 6. a3 a6 7. Bc4 Bc5 8. Be3
d6 9. h3 Qe7 10. O-O O-O 11. Re1 Bxe3 12. Rxe3 Nd4 13. Nd5 Nxd5 14. Bxd5 Nxf3+
15. Rxf3 c6 16. Bb3 c5 17. Qd2 Be6 18. Rg3 Kh7 19. Qc3 b5 20. Rf1 a5 21. a4 c4
22. dxc4 bxc4 23. Ba2 Qc7 24. b3 Qc6 25. Qd2 Ra6 26. bxc4 Qxa4 27. Bb3 Qc6 28.
f4 a4 29. f5 Bxc4 30. Bxc4 Qxc4 31. f6 g6 32. Rd3 Qxe4 33. Rxd6 Rxd6 34. Qxd6
Qd4+ 35. Qxd4 exd4 36. Ra1 Ra8 37. Kf2 g5 38. Kf3 a3 39. Ke4 Ra4 40. Kf5 Ra5+
41. Ke4 Ra4 42. Kf5 a2 43. g3 Ra3 44. h4 Rxg3 45. Rxa2 Rf3+ 46. Ke5 Kg6 47.
hxg5 hxg5 48. Ra8 Rf5+ 49. Kxd4 Rxf6 50. c4 Rf1 51. Ke5 Re1+ 52. Kd6 f5 53. c5
f4 54. c6 f3 55. c7 Rc1 56. c8=Q Rxc8 57. Rxc8 g4 58. Rf8 Kg5 59. Ke5 Kh4 60.
Kf4 Kh3 61. Ke3 Kg2 62. Rf7 g3 63. Rxf3 Kh2 64. Rf8 g2 65. Rh8+ Kg1 66. Kf3 Kf1
67. Ra8 g1=N+ 68. Ke3 Kg2 69. Rg8+ Kf1 70. Rg3 Ne2 71. Rf3+ Ke1 72. Rh3 Ng1 73.
Rh1 Kf1 74. Rh2 Ke1 75. Rf2 Nh3 76. Rf5 Ng1 77. Rf7 Ne2 78. Ra7 Nc1 79. Rb7 Kd1
80. Rb2 Ke1 81. Rd2 Nb3 82. Rh2 Kd1 83. Rg2 Nc1 84. Rd2+ Ke1 85. Rd8 Ne2 86.
Rc8 Kd1 87. Rd8+ Ke1 88. Rb8 Nc1 89. Rb2 Kd1 90. Rh2 Nb3 91. Rg2 Nc1 92. Rb2
Ke1 93. Rh2 1/2-1/2

[Event "Quebec op"]
[Site "Montreal CAN"]
[Date "2009.07.20"]
[Round "4"]
[White "Roussel-Roozmon, Thomas"]
[Black "Kovalyov, Anton"]
[Result "0-1"]
[WhiteElo "2487"]
[BlackElo "2571"]
[PlyCount "64"]
[EventDate "2009.07.18"]
[EventType "swiss"]
[EventRounds "9"]
[EventCountry "CAN"]

1. Nf3 e6 2. c4 b6 3. Nc3 Bb4 4. Qc2 f5 5. a3 Bxc3 6. Qxc3 Nf6 7. e3 Bb7 8. Be2
a5 9. b3 O-O 10. Bb2 Qe7 11. h3 d6 12. Qc2 Nbd7 13. O-O-O Ne4 14. Rdf1 Rf7 15.
Rhg1 Raf8 16. Nd4 e5 17. Nb5 c6 18. Nc3 Ndc5 19. Kb1 a4 20. b4 Nb3 21. Rd1
Nxc3+ 22. Qxc3 c5 23. f4 exf4 24. Bh5 Rf6 25. exf4 Nd4 26. Qg3 Rh6 27. Bxd4
Qe4+ 28. d3 Qxd4 29. Bf3 Rg6 30. Qe1 Bxf3 31. gxf3 Rxg1 32. Qxg1 Qc3 0-1

[Event "Quebec op"]
[Site "Montreal CAN"]
[Date "2009.07.21"]
[Round "5"]
[White "Ye, Ling Feng"]
[Black "Roussel-Roozmon, Thomas"]
[Result "1/2-1/2"]
[WhiteElo "2179"]
[BlackElo "2487"]
[PlyCount "89"]
[EventDate "2009.07.18"]
[EventType "swiss"]
[EventRounds "9"]
[EventCountry "CAN"]

1. e4 g6 2. Nf3 Bg7 3. c3 Nf6 4. d3 O-O 5. Be2 c5 6. O-O Nc6 7. Re1 d5 8. e5
Ne8 9. d4 Nc7 10. Be3 Bf5 11. Nbd2 cxd4 12. cxd4 Nb4 13. Nh4 Bc2 14. Qc1 Bd3
15. a3 Bxe2 16. Rxe2 Nc6 17. Nb3 Ne6 18. Qd1 a5 19. Rc1 a4 20. Nc5 Nxc5 21.
Rxc5 e6 22. Nf3 Qd7 23. Rec2 Ra5 24. Qc1 Rxc5 25. Rxc5 Rc8 26. Bh6 Ne7 27. Bxg7
Kxg7 28. g4 b6 29. Rxc8 Qxc8 30. Qxc8 Nxc8 31. g5 h6 32. h4 hxg5 33. hxg5 Kf8
34. Kf1 Na7 35. Ke2 Ke7 36. Kd3 Nb5 37. Nd2 Kd7 38. Nb1 Kc6 39. Nc3 Nxc3 40.
Kxc3 Kb5 41. b4 axb3 42. Kxb3 Ka5 43. a4 b5 44. axb5 Kxb5 45. f3 1/2-1/2

[Event "Quebec op"]
[Site "Montreal CAN"]
[Date "2009.07.22"]
[Round "6"]
[White "Roussel-Roozmon, Thomas"]
[Black "Barbeau, Sylvain"]
[Result "1-0"]
[WhiteElo "2487"]
[BlackElo "2357"]
[PlyCount "154"]
[EventDate "2009.07.18"]
[EventType "swiss"]
[EventRounds "9"]
[EventCountry "CAN"]

1. e4 e5 2. f4 d5 3. exd5 c6 4. Nc3 exf4 5. Nf3 Bd6 6. d4 Ne7 7. dxc6 Nbxc6 8.
Ne4 O-O 9. c3 Bg4 10. Be2 Bc7 11. O-O Ng6 12. Bd2 Re8 13. Qc2 Rc8 14. Rae1 Bb8
15. Qb1 Rc7 16. Nf2 Bh5 17. Qf5 Rce7 18. Bd3 Bxf3 19. gxf3 Rxe1 20. Rxe1 Rxe1+
21. Bxe1 Nce7 22. Qe4 Nd5 23. Ng4 h5 24. Bc4 hxg4 25. Bxd5 Qg5 26. fxg4 Qxg4+
27. Kf1 Qh3+ 28. Qg2 Qd3+ 29. Qe2 Qh3+ 30. Bg2 Qd7 31. Qe4 f3 32. Qxf3 Bxh2 33.
Qxb7 Qf5+ 34. Qf3 Qb5+ 35. Qe2 Qf5+ 36. Qf3 Qb5+ 37. Qe2 Qf5+ 38. Bf3 Bd6 39.
Qe4 Qb5+ 40. Qe2 Qd7 41. Bg4 Qc6 42. Bf3 Qd7 43. b3 Nf4 44. Bg4 f5 45. Qc4+ Kh7
46. Bf3 Qe7 47. Qc8 Qf6 48. Qd7 Ng6 49. Bf2 Bf4 50. c4 Qg5 51. Qe6 Bd2 52. Qe2
Bf4 53. Qd3 Bh2 54. Qe2 Bf4 55. Qd3 Bh2 56. c5 Nf4 57. Qd2 Bg3 58. Be3 Qh4 59.
c6 Qh3+ 60. Kg1 Qh4 61. d5 Nh3+ 62. Kf1 Bd6 63. Qc2 g6 64. c7 Qg3 65. c8=Q
Qxf3+ 66. Bf2 Qh1+ 67. Ke2 Nf4+ 68. Ke3 Nxd5+ 69. Kd4 Ne7 70. Qe6 Nc6+ 71. Kc4
Qf1+ 72. Qce2 Qc1+ 73. Kb5 a6+ 74. Kb6 Bc7+ 75. Kxa6 Qa3+ 76. Kb7 Be5 77. b4
Bd6 1-0

[Event "Quebec op"]
[Site "Montreal CAN"]
[Date "2009.07.23"]
[Round "7"]
[White "Arngrimsson, Dagur"]
[Black "Roussel-Roozmon, Thomas"]
[Result "0-1"]
[WhiteElo "2396"]
[BlackElo "2487"]
[PlyCount "62"]
[EventDate "2009.07.18"]
[EventType "swiss"]
[EventRounds "9"]
[EventCountry "CAN"]

1. e4 e5 2. Nf3 Nc6 3. Nc3 Nf6 4. d4 exd4 5. Nxd4 Bc5 6. Be3 Bb6 7. Nxc6 bxc6
8. e5 Bxe3 9. fxe3 Nd5 10. Nxd5 cxd5 11. Qxd5 Qh4+ 12. Kd1 Rb8 13. Bc4 O-O 14.
Qd4 Qf2 15. Qd2 Qf5 16. Qd4 Qf2 17. Qd2 Qf5 18. Qd4 Bb7 19. Rf1 Qg5 20. Rf2
Rbe8 21. Qxa7 Bxg2 22. Kd2 Qh4 23. Rxg2 Qxc4 24. Qd4 Qe6 25. Rag1 g6 26. Rg5
Qxa2 27. Rh5 Rb8 28. Qf4 Rxb2 29. Rc1 Qd5+ 30. Kc3 Rfb8 31. Rh4 R8b3+ 0-1

[Event "Quebec op"]
[Site "Montreal CAN"]
[Date "2009.07.24"]
[Round "8"]
[White "Roussel-Roozmon, Thomas"]
[Black "Jancovic, Alojzije"]
[Result "1/2-1/2"]
[WhiteElo "2487"]
[BlackElo "2549"]
[PlyCount "117"]
[EventDate "2009.07.18"]
[EventType "swiss"]
[EventRounds "9"]
[EventCountry "CAN"]

1. d4 Nf6 2. c4 e6 3. g3 d5 4. Nf3 dxc4 5. Bg2 Nc6 6. Qa4 Bb4+ 7. Bd2 Bd6 8.
Ne5 Bxe5 9. Bxc6+ bxc6 10. dxe5 Qd5 11. O-O Nd7 12. Bc3 O-O 13. Rd1 Qe4 14. Nd2
Qxe2 15. Qxc4 Qh5 16. Qxc6 Rb8 17. Qxc7 Rb5 18. Ne4 Rb7 19. Qa5 h6 20. Nd6 Nb6
21. Bd4 Rd7 22. Bxb6 axb6 23. Qxb6 Bb7 24. Qe3 Bd5 25. Rd4 f6 26. Nc4 Qh3 27.
Rxd5 Rxd5 28. Re1 f5 29. f4 h5 30. Qf2 Rfd8 31. Qg2 Qxg2+ 32. Kxg2 Ra8 33. a3
Rd4 34. b3 Rd3 35. Rb1 Rb8 36. b4 Rc3 37. Nd6 Ra8 38. Kh3 Rcxa3 39. b5 Ra1 40.
Rb3 R8a3 41. Rxa3 Rxa3 42. Kh4 Ra2 43. h3 Rb2 44. Kxh5 Rb3 45. Kh4 Kh7 46. Nf7
Rxb5 47. Ng5+ Kh6 48. Nxe6 Rb6 49. Nd4 g6 50. Nf3 Rb3 51. Ng5 Rb4 52. Nf7+ Kg7
53. Nd6 Kh6 54. g4 fxg4 55. hxg4 Rb3 56. Nf7+ Kg7 57. Nd6 Kh6 58. g5+ Kg7 59.
f5 1/2-1/2

[Event "Quebec-ch inv."]
[Site "Montreal CAN"]
[Date "2009.??.??"]
[Round "1"]
[White "Roussel-Roozmon, Thomas"]
[Black "Ye, Ling Feng"]
[Result "1-0"]
[WhiteElo "2479"]
[BlackElo "2179"]
[PlyCount "97"]
[EventDate "2009.06.19"]
[EventType "tourn"]
[EventRounds "9"]
[EventCountry "CAN"]

1. d4 d5 2. c4 e6 3. Nc3 Be7 4. cxd5 exd5 5. Bf4 c6 6. e3 Bd6 7. Nge2 Ne7 8.
Bxd6 Qxd6 9. Ng3 Nd7 10. Bd3 O-O 11. Qc2 Nf6 12. O-O-O Bd7 13. Kb1 c5 14. dxc5
Qxc5 15. e4 dxe4 16. Ngxe4 Nxe4 17. Bxe4 Bf5 18. Bxf5 Qxf5 19. Qxf5 Nxf5 20.
Rd7 Rab8 21. Rhd1 Rfe8 22. R1d5 g6 23. g4 Nh6 24. h3 Kf8 25. Nb5 a6 26. Nd6 Re7
27. Nc4 b5 28. Ne5 Rbe8 29. f4 Rxd7 30. Nxd7+ Ke7 31. Nc5 Ra8 32. Rd7+ Ke8 33.
Rb7 Ng8 34. Rb6 Ne7 35. Nxa6 Rd8 36. Nc7+ Kf8 37. Rxb5 Rd4 38. Rb8+ Kg7 39. g5
Nc6 40. Rc8 Nb4 41. Ne8+ Kf8 42. Nf6+ Ke7 43. Re8+ Kd6 44. Rd8+ Kc5 45. Rxd4
Kxd4 46. h4 Nd3 47. h5 gxh5 48. Nxh5 Nf2 49. Kc2 1-0

[Event "Quebec-ch inv."]
[Site "Montreal CAN"]
[Date "2009.??.??"]
[Round "2"]
[White "Hua, Lefong"]
[Black "Roussel-Roozmon, Thomas"]
[Result "1/2-1/2"]
[WhiteElo "2283"]
[BlackElo "2479"]
[PlyCount "36"]
[EventDate "2009.06.19"]
[EventType "tourn"]
[EventRounds "9"]
[EventCountry "CAN"]

1. d4 d6 2. c4 e5 3. e3 f5 4. Nc3 Nf6 5. b3 Nbd7 6. Bb2 Be7 7. Nf3 e4 8. Nd2 c6
9. Be2 d5 10. Qc1 O-O 11. Ba3 a6 12. O-O b5 13. Bxe7 Qxe7 14. cxd5 cxd5 15. b4
Qxb4 16. a4 bxa4 17. Rxa4 Qe7 18. Qa3 Qxa3 1/2-1/2

[Event "Quebec-ch inv."]
[Site "Montreal CAN"]
[Date "2009.??.??"]
[Round "3"]
[White "Roussel-Roozmon, Thomas"]
[Black "Bhat, Vinay"]
[Result "0-1"]
[WhiteElo "2479"]
[BlackElo "2475"]
[PlyCount "90"]
[EventDate "2009.06.19"]
[EventType "tourn"]
[EventRounds "9"]
[EventCountry "CAN"]

1. d4 d5 2. Nf3 Nf6 3. c4 c6 4. Nc3 e6 5. Bg5 h6 6. Bxf6 Qxf6 7. Qb3 dxc4 8.
Qxc4 Nd7 9. O-O-O g6 10. e3 Bg7 11. h4 Qe7 12. Ne4 O-O 13. Qc2 Rd8 14. Bd3 Rb8
15. Kb1 Nb6 16. Ne5 Nd5 17. Qc1 Bd7 18. f4 Be8 19. g4 f6 20. Nc4 b6 21. f5 exf5
22. gxf5 g5 23. Nc3 Rbc8 24. Rhe1 c5 25. Qd2 Nxc3+ 26. bxc3 b5 27. Nb2 a5 28.
Ka1 cxd4 29. cxd4 Qa3 30. Rc1 Bf8 31. hxg5 fxg5 32. Rxc8 Rxc8 33. Rc1 Bb4 34.
Qd1 Bc3 35. Qb3+ Qxb3 36. axb3 a4 37. bxa4 bxa4 38. Ka2 Bf7+ 39. Bc4 Bxc4+ 40.
Nxc4 Rxc4 41. d5 Kf7 42. d6 Rc5 43. e4 Bb4 44. Rd1 Rc2+ 45. Kb1 Rd2 0-1

[Event "Quebec-ch inv."]
[Site "Montreal CAN"]
[Date "2009.??.??"]
[Round "4"]
[White "Roussel-Roozmon, Thomas"]
[Black "Barbeau, Sylvain"]
[Result "1-0"]
[WhiteElo "2479"]
[BlackElo "2357"]
[PlyCount "97"]
[EventDate "2009.06.19"]
[EventType "tourn"]
[EventRounds "9"]
[EventCountry "CAN"]

1. Nf3 Nf6 2. c4 c5 3. g3 b6 4. Bg2 Bb7 5. O-O e6 6. Nc3 Be7 7. Re1 d5 8. cxd5
Nxd5 9. e4 Nxc3 10. bxc3 Nc6 11. d4 Na5 12. Ne5 O-O 13. Be3 cxd4 14. cxd4 Bb4
15. Re2 Rc8 16. Rc1 Qe7 17. Rec2 Ba3 18. Rxc8 Rxc8 19. Rxc8+ Bxc8 20. Qc2 Bb7
21. Bd2 Bd6 22. Bxa5 bxa5 23. Nd3 Bc7 24. Qc5 Qxc5 25. Nxc5 Bc8 26. f4 Bb6 27.
e5 Kf8 28. Kf2 Ke7 29. Ke3 Bd7 30. Be4 h6 31. g4 Bb5 32. f5 Bc4 33. a3 Ba2 34.
h4 Bc4 35. Bd3 Bd5 36. Be4 Bc4 37. Bc2 Bd5 38. Bd3 Bc7 39. Be4 Bc4 40. Bc6 Bb6
41. Nd7 f6 42. Nxb6 axb6 43. a4 fxe5 44. dxe5 exf5 45. gxf5 Bb3 46. Bb5 Bc2 47.
Kf4 Kf7 48. Bc4+ Ke7 49. Bb5 1-0

[Event "Quebec-ch inv."]
[Site "Montreal CAN"]
[Date "2009.??.??"]
[Round "5"]
[White "Kovalyov, Anton"]
[Black "Roussel-Roozmon, Thomas"]
[Result "1/2-1/2"]
[WhiteElo "2571"]
[BlackElo "2479"]
[PlyCount "86"]
[EventDate "2009.06.19"]
[EventType "tourn"]
[EventRounds "9"]
[EventCountry "CAN"]

1. c4 c5 2. Nf3 Nc6 3. d4 cxd4 4. Nxd4 Nf6 5. Nc3 e6 6. a3 Be7 7. e4 O-O 8. Nc2
b6 9. Bf4 Bb7 10. Be2 Rc8 11. Ne3 d6 12. Bg3 Ne5 13. Qd4 Qc7 14. O-O Rfd8 15.
Rfd1 Qb8 16. Rac1 Ng6 17. b4 Qa8 18. f3 h5 19. Qd2 h4 20. Bf2 Qb8 21. Qe1 Nh7
22. Nf1 Ba6 23. Nd2 Bg5 24. Ncb1 d5 25. cxd5 Rxc1 26. Rxc1 Bxe2 27. Qxe2 exd5
28. Rd1 Nf6 29. exd5 Rxd5 30. Nc3 Nf4 31. Qf1 Rxd2 32. Rxd2 Nh3+ 33. gxh3 Bxd2
34. Qd3 Bf4 35. Bxh4 Bxh2+ 36. Kh1 Be5 37. Bxf6 Bxf6 38. Nd5 Qe5 39. Nxf6+ Qxf6
40. Kg2 Qg5+ 41. Kf2 Qh4+ 42. Kg2 Qg5+ 43. Kf2 Qh4+ 1/2-1/2

[Event "Quebec-ch inv."]
[Site "Montreal CAN"]
[Date "2009.??.??"]
[Round "6"]
[White "Roussel-Roozmon, Thomas"]
[Black "Bluvshtein, Mark"]
[Result "1/2-1/2"]
[WhiteElo "2479"]
[BlackElo "2558"]
[PlyCount "33"]
[EventDate "2009.06.19"]
[EventType "tourn"]
[EventRounds "9"]
[EventCountry "CAN"]

1. Nf3 Nf6 2. c4 b6 3. g3 e6 4. Bg2 Bb7 5. O-O Be7 6. Nc3 O-O 7. Re1 Ne4 8.
Nxe4 Bxe4 9. d3 Bb7 10. e4 c5 11. d4 cxd4 12. Nxd4 a6 13. Qg4 Kh8 14. b3 Nc6
15. Nxc6 Bxc6 16. Bb2 f6 17. Rac1 1/2-1/2

[Event "Quebec-ch inv."]
[Site "Montreal CAN"]
[Date "2009.??.??"]
[Round "7"]
[White "Castellanos, Renier"]
[Black "Roussel-Roozmon, Thomas"]
[Result "0-1"]
[WhiteElo "2446"]
[BlackElo "2479"]
[PlyCount "280"]
[EventDate "2009.06.19"]
[EventType "tourn"]
[EventRounds "9"]
[EventCountry "CAN"]

1. e4 e5 2. Nf3 Nc6 3. Bb5 a6 4. Ba4 Nf6 5. d3 d6 6. c3 g6 7. O-O Bg7 8. Re1
O-O 9. Nbd2 b5 10. Bc2 Bb7 11. Nf1 Nb8 12. d4 Nbd7 13. Ng3 c5 14. d5 Qc7 15. h3
c4 16. Be3 a5 17. Qd2 Nc5 18. Bh6 Bc8 19. Nh4 Bxh6 20. Qxh6 Qe7 21. Nf3 Re8 22.
Nd2 Ba6 23. Rf1 Nfd7 24. Qe3 b4 25. Rfb1 Reb8 26. b3 cxb3 27. axb3 Qd8 28. c4
Bc8 29. Ngf1 Qf6 30. Bd1 h5 31. Nh2 Nb6 32. Nhf3 Kg7 33. Rb2 Ra6 34. Rba2 Rba8
35. Bc2 Bd7 36. Ne1 a4 37. bxa4 Bxa4 38. Bxa4 Nbxa4 39. Nc2 Rb8 40. Rb1 Rab6
41. Raa1 b3 42. Na3 b2 43. Ra2 Rb3 44. Nxb3 Rxb3 45. Qe1 Qf4 46. Nb5 Nxe4 47.
Rxa4 Nd2 48. c5 Qxa4 49. Qxd2 Rxb5 50. cxd6 Qa2 51. Qc2 Qxd5 52. Rxb2 Rxb2 53.
Qxb2 Qxd6 54. Qb7 h4 55. f3 Qd1+ 56. Kh2 Qd4 57. Kh1 Qf4 58. Qc8 Qd4 59. Qb7
Kf6 60. Qc8 Kg5 61. Qc1+ Kh5 62. Qc7 Qd1+ 63. Kh2 Qd5 64. Qe7 Qe6 65. Qd8 Qf5
66. Kh1 Qf4 67. Qe7 Kh6 68. Qd8 Kg7 69. Qe7 Qf6 70. Qd7 Qg5 71. Qc7 Qf4 72. Qe7
Kh6 73. Qd8 f6 74. Qg8 Kg5 75. Qc8 Qd4 76. Qc1+ Kh5 77. Qc6 Qf4 78. Qc8 Qf5 79.
Qc1 Qe6 80. Qd1 Kh6 81. Qc1+ g5 82. Qe3 Kg6 83. Kh2 f5 84. Kh1 e4 85. fxe4 fxe4
86. Kg1 Qd5 87. Kh1 Qd3 88. Qb6+ Kf5 89. Qc5+ Kf4 90. Qf2+ Ke5 91. Qc5+ Qd5 92.
Qe3 Kf6 93. Qf2+ Qf5 94. Qb6+ Qe6 95. Qe3 Kg6 96. Kg1 Qf5 97. Qb6+ Kh5 98. Qd4
Qe6 99. Qe3 Qd5 100. Kh1 Qd3 101. Qa7 Qf1+ 102. Kh2 Qf4+ 103. Kh1 Kg6 104. Qa6+
Qf6 105. Qc4 Qa1+ 106. Kh2 Qe5+ 107. Kh1 Qa1+ 108. Kh2 Qe5+ 109. Kh1 e3 110.
Qc6+ Kg7 111. Qd7+ Kf8 112. Qd8+ Kf7 113. Qd7+ Qe7 114. Qd5+ Kf8 115. Qa8+ Kg7
116. Qa1+ Kh7 117. Kg1 Qc5 118. Qb1+ Kh6 119. Qa1 e2+ 120. Kh1 Qe7 121. Qh8+
Kg6 122. Qg8+ Kf6 123. Qh8+ Kf5 124. Qc8+ Kf4 125. Qc1+ Qe3 126. Qc7+ Ke4 127.
Qb7+ Kd3 128. Qb1+ Kd2 129. Qa2+ Kd1 130. Qa4+ Ke1 131. Qa1+ Kd2 132. Qa2+ Kd3
133. Qb3+ Ke4 134. Qc4+ Ke5 135. Qc7+ Kf6 136. Qc6+ Qe6 137. Qc3+ Kg6 138. Qe1
Kh6 139. Kg1 Qe3+ 140. Kh1 Kh5 0-1

[Event "Quebec-ch inv."]
[Site "Montreal CAN"]
[Date "2009.??.??"]
[Round "8"]
[White "Roussel-Roozmon, Thomas"]
[Black "Sambuev, Bator"]
[Result "1-0"]
[WhiteElo "2479"]
[BlackElo "2498"]
[PlyCount "137"]
[EventDate "2009.06.19"]
[EventType "tourn"]
[EventRounds "9"]
[EventCountry "CAN"]

1. d4 Nf6 2. c4 g6 3. Nc3 Bg7 4. e4 O-O 5. Bd3 d6 6. Nge2 Nbd7 7. Bc2 a6 8. O-O
c5 9. d5 b5 10. cxb5 axb5 11. Nxb5 Ba6 12. Nec3 Ne8 13. Rb1 Bxb5 14. Nxb5 Qb6
15. a4 Nc7 16. Bd3 Ne5 17. Be2 f5 18. exf5 gxf5 19. Nxc7 Qxc7 20. f4 Nd7 21. b3
Bd4+ 22. Kh1 Qb7 23. Bb5 Ra7 24. Bb2 Bxb2 25. Rxb2 Nf6 26. Re2 Kh8 27. Bc4 Rf7
28. Qd3 Qc8 29. Re6 Ng8 30. Qc3+ Rg7 31. a5 Nf6 32. a6 Ne4 33. Qd3 Qg8 34. g3
Qf7 35. Kg2 Qh5 36. Re1 Kg8 37. Qe3 Ra8 38. Ra1 Qe8 39. Qd3 Ra7 40. Bb5 Qb8 41.
Re1 Qb6 42. R1xe4 fxe4 43. Rxe4 Qa5 44. Bc4 Qa1 45. Qe2 Kf8 46. g4 Qf6 47. g5
Qf5 48. h4 h6 49. Kg3 Rf7 50. Qe3 Ra8 51. Re6 h5 52. Qf3 Qb1 53. Kg2 Qc2+ 54.
Re2 Qf5 55. Rf2 Kg7 56. Bd3 Qd7 57. Qxh5 Rh8 58. Qg6+ Kf8 59. Qe6 Qa7 60. Bg6
Rhh7 61. Bxh7 Rxh7 62. Qc8+ Kf7 63. Qb7 Qxb7 64. axb7 Rh8 65. Ra2 Rb8 66. Ra7
e6 67. dxe6+ Kxe6 68. h5 Kf5 69. h6 1-0

[Event "Sherbrooke op"]
[Site "Sherbrooke CAN"]
[Date "2009.05.24"]
[Round "4"]
[White "Roussel-Roozmon, Thomas"]
[Black "Regan, Kenneth"]
[Result "1/2-1/2"]
[WhiteElo "2481"]
[BlackElo "2391"]
[PlyCount "39"]
[EventDate "2009.05.22"]
[EventType "swiss"]
[EventRounds "5"]
[EventCountry "CAN"]

1. Nf3 b6 2. e4 Bb7 3. Nc3 e6 4. d4 Bb4 5. Bd3 c5 6. O-O cxd4 7. Nxd4 Nc6 8.
Nxc6 Bxc6 9. Qg4 Bxc3 10. bxc3 Qf6 11. a4 h5 12. Qe2 Qxc3 13. Bd2 Qd4 14. a5
Nf6 15. Be3 Qe5 16. axb6 axb6 17. Rxa8+ Bxa8 18. f3 O-O 19. Bxb6 d5 20. exd5
1/2-1/2

[Event "Reykjavik op"]
[Site "Reykjavik ISL"]
[Date "2009.03.24"]
[Round "1"]
[White "Roussel-Roozmon, Thomas"]
[Black "Berg, R."]
[Result "1-0"]
[WhiteElo "2479"]
[BlackElo "2130"]
[PlyCount "67"]
[EventDate "2009.03.24"]
[EventType "swiss"]
[EventRounds "9"]
[EventCountry "ISL"]
[Source "Mark Crowther"]
[SourceDate "2009.03.30"]

1. d4 d5 2. c4 c6 3. Nf3 Nf6 4. e3 e6 5. Bd3 Nbd7 6. O-O Bd6 7. Nbd2 O-O 8. e4
dxe4 9. Nxe4 Nxe4 10. Bxe4 Nf6 11. Bc2 Qc7 12. Qd3 Bf4 13. Be3 g6 14. Ne5 Nh5
15. Bxf4 Nxf4 16. Qf3 Nh5 17. c5 Qd8 18. Rad1 Qf6 19. Qe4 Qf5 20. Qe2 Qg5 21.
f4 Qe7 22. Nc4 Qd8 23. Be4 Nf6 24. Nd6 Ne8 25. Nc4 Nf6 26. a3 Qc7 27. Bf3 Nd5
28. Bxd5 exd5 29. Nd6 f6 30. Rfe1 b6 31. Qe7 Qxe7 32. Rxe7 bxc5 33. dxc5 Rb8
34. Rd2 1-0

[Event "Reykjavik op"]
[Site "Reykjavik ISL"]
[Date "2009.03.25"]
[Round "2"]
[White "Guilleux, Fabien"]
[Black "Roussel-Roozmon, Thomas"]
[Result "1/2-1/2"]
[WhiteElo "2303"]
[BlackElo "2479"]
[PlyCount "54"]
[EventDate "2009.03.24"]
[EventType "swiss"]
[EventRounds "9"]
[EventCountry "ISL"]
[Source "Mark Crowther"]
[SourceDate "2009.03.30"]

1. d4 Nf6 2. c4 e6 3. Nf3 c5 4. d5 exd5 5. cxd5 d6 6. g3 g6 7. Bg2 Bg7 8. O-O
O-O 9. Bf4 h6 10. Nc3 a6 11. a4 Re8 12. h3 g5 13. Bc1 Nbd7 14. Qd3 Rb8 15. b3
Qe7 16. Ra2 b5 17. axb5 axb5 18. Nxb5 Nxd5 19. Qxd5 Rxb5 20. Rd1 Rb6 21. Ra7
Qe6 22. Qxe6 fxe6 23. Nd2 Ra6 24. Rc7 Nb6 25. Rc6 Rd8 26. Ne4 Nd5 27. Rxd6
Raxd6 1/2-1/2

[Event "Reykjavik op"]
[Site "Reykjavik ISL"]
[Date "2009.03.26"]
[Round "3"]
[White "Roussel-Roozmon, Thomas"]
[Black "Meszaros, Michal"]
[Result "0-1"]
[WhiteElo "2479"]
[BlackElo "2376"]
[PlyCount "82"]
[EventDate "2009.03.24"]
[EventType "swiss"]
[EventRounds "9"]
[EventCountry "ISL"]
[Source "Mark Crowther"]
[SourceDate "2009.03.30"]

1. d4 Nf6 2. c4 g6 3. f3 Bg7 4. e4 d6 5. Nc3 O-O 6. Be3 c5 7. Nge2 Nc6 8. d5
Ne5 9. Ng3 e6 10. Be2 exd5 11. cxd5 a6 12. O-O h5 13. Rb1 Nh7 14. Qd2 h4 15.
Nh1 f5 16. Nf2 b5 17. exf5 Bxf5 18. Rbe1 Re8 19. g4 hxg3 20. hxg3 g5 21. g4 Bg6
22. Kg2 b4 23. Ncd1 Ra7 24. Nh1 Bf7 25. Ndf2 Qa8 26. Rd1 Nf6 27. Ne4 Nexg4 28.
Bxg5 Nxe4 29. fxe4 Rxe4 30. Bf3 Rd4 31. Qe2 Bxd5 32. Rxd4 Bxd4 33. Ng3 Rg7 34.
Kh3 Ne5 35. Bxd5+ Qxd5 36. Nf5 Qe6 37. Bh6 Rg6 38. Qh5 Nc6 39. Re1 Be5 40. Bf4
Rg7 41. Bxe5 Nxe5 0-1